Support for role models creation

Guardado en:
Detalles Bibliográficos
Autor principal: Kupor, Mykyta (Autor)
Otros Autores: Lang, Ján (Orientador)
Formato: Manuscrito Libro
Lenguaje:eslovaco
inglés
Publicado: 2025
Materias:
Acceso en línea:http://is.stuba.sk/zp/portal_zp.pl?podrobnosti=170127
Etiquetas: Agregar Etiqueta
Sin Etiquetas, Sea el primero en etiquetar este registro!

MARC

LEADER 00000ntm a22000003a 4500
001 stuzp102810
003 SK-STU
005 20250614211436.5
007 ta
008 150427s2015----xo-----f-mn---000-0-slo-d
040 |a STU  |b slo 
041 0 |a eng 
100 1 |a Kupor, Mykyta  |u 070200  |4 aut  |U FIIT Fakulta informatiky a informačných technológií  |T FIIT Ústav informatiky, informačných systémov a softvérového inžinierstva  |X 116757  |U I200  |Y 179  |7 116757 
242 0 1 |a Podpora vytvárania modelov roly  |y slo 
245 1 0 |a Support for role models creation 
260 |c 2025 
650 4 |a Repository analysis  |2 eng 
650 4 |a Role Model  |2 eng 
650 4 |a Software development streamlining  |2 eng 
650 4 |a Role assignment  |2 eng 
650 4 |a Role  |2 eng 
650 4 |a Analýza repozitárov  |2 slo 
650 4 |a Rola  |2 slo 
650 4 |a Identifikácia role  |2 slo 
650 4 |a Zefektívnenie vývoja softvéru  |2 slo 
650 4 |a Model roly  |2 slo 
700 1 |a Lang, Ján  |u 070200  |k Z1  |4 ths  |U FIIT Fakulta informatiky a informačných technológií  |T FIIT Ústav informatiky, informačných systémov a softvérového inžinierstva  |X 60247  |U I200  |Y 179  |7 60247 
856 4 |u http://is.stuba.sk/zp/portal_zp.pl?podrobnosti=170127